Captain America: The First Avenger (2011) character screen time - Statistics

General Stats
  • This quiz has been taken 73 times
  • The average score is 8 of 15
Answer Stats
Screen time Answer % Correct
56:30 Steve Rogers
100%
8:00 Sgt. James "Bucky" Barnes
96%
17:15 Agent Peggy Carter
91%
15:30 Johann Schmidt
89%
:30 Director Nick Fury
63%
4:00 Howard Stark
63%
8:15 Dr. Arnim Zola
61%
9:15 Col. Chester Phillips
39%
1:45 Sgt. Timothy "Dum Dum" Dugan
39%
8:30 Dr. Abraham Erskine
33%
1:45 Pvt. Gabe Jones
30%
1:30 Pvt. Jacques Dernier
30%
1:30 Pvt. Jim Morita
28%
2:15 Heinz Kruger
24%
1:30 Pvt. James Montgomery Fallsworth
9%
No matching quizzes found
Score Distribution
Percent of People with Each Score
Percentile by Number Answered
Your Score History
You have not taken this quiz